000 00276nam a22001097a 4500
999 _c163228
_d163228
082 _a
_b
100 _aNolan E H
245 _aHistory of the british empire in India and the east (v.2)/
_cby Nolan E H.
260 _aNew Delhi:
_bDiscover,
_c1987.
650 _a
942 _cBK